| 000 | 01750nam a2200457 i 4500 | ||
|---|---|---|---|
| 001 | 25562 | ||
| 003 | KOSZ 005 | ||
| 005 | 20201202123600.0 | ||
| 008 | 071002s1971 pl a f 000 0 pol | ||
| 015 | _aPB 1971/6909 | ||
| 040 |
_aWA N _cWA N _dKOSZ 005/RW _dKOSZ 005/HR |
||
| 046 | _k1971 | ||
| 080 | _a628.2/.3 | ||
| 080 | _a532 | ||
| 100 | 1 |
_aMańczak, Henryk _eAutor |
|
| 245 | 1 | 0 |
_aPewien statystyczny model zależności przepływu od stężenia zanieczyszczeń w rzekach / _cHenryk Mańczak. |
| 260 |
_aWarszawa : _bInstytut Gospodarki Wodnej, _c1971. |
||
| 300 |
_a[2], 55, [3] stron : _bilustracje ; _c23 cm. |
||
| 336 |
_aTekst _btxt _2rdacontent |
||
| 337 |
_aBez urządzenia pośredniczącego _bn _2rdamedia |
||
| 338 |
_aWolumin _bnc _2rdacarrier |
||
| 380 | _aKsiążki | ||
| 380 | _aPublikacje naukowe | ||
| 388 | _a1901-2000 | ||
| 490 | 1 |
_aMateriały Badawcze / Instytut Gospodarki Wodnej. Ochrona Wód przed Zanieczyszczeniem ; _vnr 2. |
|
| 500 | _aW serii głównej: nr 2. | ||
| 504 | _aBibliografia na stronach 52-55. | ||
| 650 | 4 | _aHydrologia | |
| 658 | _aOchrona środowiska | ||
| 658 | _aInżynieria i technika | ||
| 650 | 4 | _aDegradacja środowiska | |
| 650 | 4 | _aModele matematyczne | |
| 650 | 4 | _aStatystyka matematyczna | |
| 650 | 4 | _aPrzepływ | |
| 650 | 4 | _aRzeki | |
| 710 | 2 |
_aInstytut Gospodarki Wodnej _4pbl. |
|
| 830 | 0 |
_aMateriały Badawcze - Instytut Gospodarki Wodnej ; _vnr 2. |
|
| 830 | 0 |
_aMateriały Badawcze - Instytut Gospodarki Wodnej. _pOchrona Wód przed Zanieczyszczeniem ; _vnr 2. |
|
| 856 |
_uhttp://koha.tu.koszalin.pl/cgi-bin/koha/opac-detail.pl?biblionumber=25562 _yKatalog online BPK |
||
| 942 |
_2UKD _cKS |
||
| 999 |
_c25562 _d25562 |
||